Welcome to CU Library Online Public Access Catalogue (OPAC)

Abnormal psychology and modern life / (Record no. 3557)

MARC details
000 -LEADER
fixed length control field 00810cam a2200241 i 4500
001 - CONTROL NUMBER
control field 2281346
005 - DATE AND TIME OF LATEST TRANSACTION
control field 20250207163303.0
008 - FIXED-LENGTH DATA ELEMENTS--GENERAL INFORMATION
fixed length control field 790807s1980 ilua b 001 0 eng
020 ## - INTERNATIONAL STANDARD BOOK NUMBER
International Standard Book Number 0673152138
050 00 - LIBRARY OF CONGRESS CALL NUMBER
Classification number RC454
Item number .C6 1980
082 00 - DEWEY DECIMAL CLASSIFICATION NUMBER
Classification number 616.8/9
100 1# - MAIN ENTRY--PERSONAL NAME
Personal name Coleman, James C.
Fuller form of name (James Covington)
245 10 - TITLE STATEMENT
Title Abnormal psychology and modern life /
Statement of responsibility, etc. James C. Coleman, James N. Butcher, Robert C. Carson.
250 ## - EDITION STATEMENT
Edition statement 6th ed.
260 ## - PUBLICATION, DISTRIBUTION, ETC.
Place of publication, distribution, etc. Glenview, Ill. :
Name of publisher, distributor, etc. Scott, Foresman and Company,
Date of publication, distribution, etc. c1980.
300 ## - PHYSICAL DESCRIPTION
Extent 702, lxxxviii p. :
Other physical details ill. ;
Dimensions 26 cm.
500 ## - GENERAL NOTE
General note Includes indexes.
650 #0 - SUBJECT ADDED ENTRY--TOPICAL TERM
Topical term or geographic name entry element Psychology, Pathological.
650 #0 - SUBJECT ADDED ENTRY--TOPICAL TERM
Topical term or geographic name entry element Psychotherapy.
700 1# - ADDED ENTRY--PERSONAL NAME
Personal name Butcher, James Neal,
Dates associated with a name 1933-
Relator term joint author.
700 1# - ADDED ENTRY--PERSONAL NAME
Personal name Carson, Robert C.,
Dates associated with a name 1930-2006,
Relator term joint author.
942 ## - ADDED ENTRY ELEMENTS (KOHA)
Source of classification or shelving scheme Library of Congress Classification
Koha item type Books
Edition 6th ed.
Suppress in OPAC No
999 ## -
-- 3557
-- 3557
Holdings
Withdrawn status Lost status Source of classification or shelving scheme Damaged status Not for loan Collection Home library Current library Shelving location Date acquired Total checkouts Full call number Barcode Date last seen Copy number Price effective from Koha item type
    Library of Congress Classification     Non-fiction Science Library (Miotso) Science Library (Miotso) General stacks 02/07/2025   RC454 .C6 COL SLM00002992 02/07/2025 1 02/07/2025 Books
© 2023-2024 Copyright: Central University Libraries. All Rights Reserved | Created by: Mahone Tech Office